Temas de Historia del Derecho

Salvato in:
Dettagli Bibliografici
Autore principale: Gacto Fernández, Enrique (Autore)
Natura: Libro
Lingua:spagnolo
Pubblicazione: Sevilla Publicaciones de la Universidad de Sevilla 1977
Soggetti:
Tags: Aggiungi Tag
Nessun Tag, puoi essere il primo ad aggiungerne!!

MARC

LEADER 00000nam a2200000 a 4500
001 UCY5926
003 CL-VaPUC
008 950521e19770000SP |||||||||||||||||spa|d
082 0 4 |a 340.09  |b GAC  |2 21 
100 |a Gacto Fernández, Enrique  |e author  |9 418915 
245 1 0 |a Temas de Historia del Derecho 
246 1 0 |a Derecho medieval 
300 |a 156 p 
942 |c BK 
945 |d 19950521 00:00:00  |a aalvarez 
260 |a Sevilla  |b Publicaciones de la Universidad de Sevilla  |c 1977 
650 0 |a Historia del derecho  |9 255109 
583 |a last modification  |c 19950521 00:00:00  |k Rodrigo Vera 
999 |c 233525  |d 233523 
952 |0 0  |1 0  |4 0  |6 340_090000000000000_GAC_1977  |7 0  |8 DER_HIS  |9 239107  |a BIBDER  |b BIBDER  |d 2019-11-18  |i 2000032  |o 340.09 GAC 1977  |p 2000032  |r 2023-01-25  |w 2019-11-18  |x Ubicación 4to Piso  |y BK  |z Estos recursos deben solicitarse con anticipación  |k DER